Una casa a Tangeri : lettere 1935-1969 /
Sábháilte in:
| Príomhchruthaitheoir: | |
|---|---|
| Rannpháirtithe: | |
| Formáid: | LEABHAR |
| Teanga: | Iodáilis |
| Foilsithe / Cruthaithe: |
Milano :
Archinto,
[1991]
|
| Sraith: | Lettere
|
| Clibeanna: |
Níl clibeanna ann, Bí ar an gcéad duine le clib a chur leis an taifead seo!
|
MARC
| LEADER | 00000nam a2200000 i 4500 | ||
|---|---|---|---|
| 001 | IT\ICCU\RAV\0151731 | ||
| 003 | ItRI | ||
| 005 | 20250929142214.0 | ||
| 008 | 910725s1991 it |||||| ||||| |||||c | ||
| 020 | |a 8877680954 | ||
| 040 | |b ita |c ct | ||
| 041 | 7 | |a ita |2 ISO-639-2 | |
| 100 | 1 | |a Bowles, Jane |0 IT\ICCU\CFIV\093747 |4 aut | |
| 245 | 1 | 4 | |a Una casa a Tangeri : |b lettere 1935-1969 / |c Jane Bowles. |
| 260 | |a Milano : |b Archinto, |c [1991] | ||
| 300 | |a 164 p. : |b ill. ; |c 20 cm | ||
| 500 | |a Trad. di M. Premoli. | ||
| 700 | 1 | |a Premoli, Marina |0 IT\ICCU\CFIV\112388 | |
| 830 | 0 | |a Lettere |0 IT\ICCU\RAV\0052172 | |
| 942 | |2 ddc |c BK | ||
| 952 | |0 0 |1 0 |2 ddc |4 0 |6 B_LDV02BOWJACAS11 |7 0 |9 5792 |a MI |b MI |d 1996-08-28 |i 4288 |l 0 |o B-LDV02-BOWJA-CAS11 |p CDOM4288 |r 2025-07-13 16:28:00 |w 2025-07-13 |x DONO DEL COMUNE DI MILANO |y BK | ||
| 981 | 1 | |6 z01 |a i |b xxxe | |
| 982 | 1 | |6 z01 |a n | |
| 999 | |c 4627 |d 4627 | ||